000 00387nam a2200157Ia 4500
008 230711s9999||||xx |||||||||||||| ||und||
041 _aENG
082 _a629.8
_bSE-P
100 _aSeborg,Dale E
245 0 _aProcess dynamics and control
250 _a2nd . Ed.
260 _c2004
_aNew York
_bJohn Wiley & Sons.Inc
300 _a712
650 _aElectrical Engineering
942 _cBK
999 _c4479
_d4479